A tax on all your houses (Record no. 79618)
[ view plain ]
| 000 -LEADER | |
|---|---|
| fixed length control field | 01242cab a22002295a 4500 |
| 001 - CONTROL NUMBER | |
| control field | L141842 |
| 008 - FIXED-LENGTH DATA ELEMENTS--GENERAL INFORMATION | |
| fixed length control field | 080102e20071207xxk f 000 0 eng d |
| 035 ## - SYSTEM CONTROL NUMBER | |
| System control number | (Sirsi) u141842 |
| 041 0# - LANGUAGE CODE | |
| Language code of text/sound track or separate title | eng |
| 100 1# - MAIN ENTRY--PERSONAL NAME | |
| Personal name | Hayman, Allister |
| 245 02 - TITLE STATEMENT | |
| Title | A tax on all your houses |
| 260 ## - PUBLICATION, DISTRIBUTION, ETC. | |
| Date of publication, distribution, etc. | 2007 |
| 490 ## - SERIES STATEMENT | |
| Series statement | Regeneration and Renewal |
| Volume/sequential designation | 7 December 2007, 18-21(3) |
| 520 ## - SUMMARY, ETC. | |
| Summary, etc. | Examines the government's planning tariff system, which is to be introduced nationwide following local trials in Milton Keynes and Ashford. Considers the implications for regeneration projects. Although the Planning Reform Bill is vague on the new planning tax, the Housing Minister has already stated that it will enable councils to use their strategic development plans to ascertain infrastructure needs, identify sources of funding, and allocate a portion of this to be obtained via planning tariffs. Reports that in theory, developers should benefit from a more predictable system. |
| 590 ## - LOCAL NOTE (RLIN) | |
| Local note | KA |
| 650 24 - SUBJECT ADDED ENTRY--TOPICAL TERM | |
| Topical term or geographic name entry element | PLANNING BILL 2007-08 |
| 650 24 - SUBJECT ADDED ENTRY--TOPICAL TERM | |
| Topical term or geographic name entry element | TOWN AND COUNTRY PLANNING ACT 1990 S106 |
| 650 24 - SUBJECT ADDED ENTRY--TOPICAL TERM | |
| Topical term or geographic name entry element | PLANNING GAIN SUPPLEMENT |
| 651 #4 - SUBJECT ADDED ENTRY--GEOGRAPHIC NAME | |
| Geographic name | United Kingdom |
| Chronological subdivision | |
| 690 ## - LOCAL SUBJECT ADDED ENTRY--TOPICAL TERM (OCLC, RLIN) | |
| Topical term or geographic name as entry element | ENVIRONMENTAL AND LAND CONSULTANCY-PLANNING AND DEVELOPMENT-PLANNING REFORM |
| 942 ## - ADDED ENTRY ELEMENTS (KOHA) | |
| Suppress in OPAC | 0 |
| Withdrawn status | Lost status | Source of classification or shelving scheme | Damaged status | Not for loan | Home library | Current library | Shelving location | Date acquired | Total Checkouts | Full call number | Barcode | Date last seen | Copy number | Price effective from | Koha item type |
|---|---|---|---|---|---|---|---|---|---|---|---|---|---|---|---|
| Dewey Decimal Classification | London | London | Journal article | 02/01/2008 | L141842 | 141842-1001 | 06/08/2019 | 1 | 06/08/2019 | Journal article |